Experimental Stress Analysis. Experimentální analýzy napětí
Salvato in:
| Ente Autore: | |
|---|---|
| Natura: | Atti del Convegno Libro |
| Lingua: | inglese ceco slovacco |
| Pubblicazione: |
Praha :
České vysoké učení technické v Praze,
2002
|
| Soggetti: | |
| Tags: |
Nessun Tag, puoi essere il primo ad aggiungerne!!
|
MARC
| LEADER | 00000nam a22000003a 4500 | ||
|---|---|---|---|
| 001 | stu76404 | ||
| 005 | 20150408175527.9 | ||
| 008 | 020702s2002----xr------------------eng-d | ||
| 020 | |a 80-01-02547-0 | ||
| 040 | |a STU |b slo | ||
| 041 | 0 | |a eng |a cze |a slo | |
| 044 | |a xr | ||
| 080 | |a 539.4.014 | ||
| 111 | 2 | |a 40. International Conference |d (3.-6.6.2002 : |c Praha/Prague - Czech Republic) | |
| 245 | |a Experimental Stress Analysis. Experimentální analýzy napětí | ||
| 260 | |a Praha : |b České vysoké učení technické v Praze, |c 2002 | ||
| 300 | |a 305 s | ||
| 650 | 7 | |a Napätie-analýza experimentálna |2 stusub | |
| 996 | |b 284M050230 |c M*Z-2076 |l MMST |s P |a 0 |w stu76404_0001 | ||